000 00588nam a2200193Ia 4500
008 151119s9999||||xx |||||||||||||| ||und||
082 _a915.4
082 _bGKKV30037
100 _aलिमये सुहास
245 _aनर्मदे हर हर नर्मदे
260 _a--
260 _b--
260 _c2006
600 _aलिमये सुहास
630 _aनर्मदे हर हर नर्मदे
700 _aलिमये सुहास
730 _aनर्मदे हर हर नर्मदे
942 _cBOOK
999 _c1082379
_d1082376